01930nam a2200325 a 4500001001000000003000900010005001700019007000300036008004100039040002500080082002400105100004100129240002900170245012300199260004200322300004200364590002700406650006700433650006400500651006200564651006800626910003700694942001400731952014700745952022100892952014101113952012801254952020501382999001701587000026886DO-SdBNP20240605113741.0ta110328s1986 dr abc 000 0 spa d aDO-SdBNPbspacBNPHU a972.9342bG216m2221 aGarcía, Juan Manuel,d1946-95399613aLa matanza de Palma Sola13aLa masacre de Palma Sola :bPartidos, lucha política y el asesinato del general (1961-1963) /cJuan Manuel García. aSanto Domingo :bAlfa y omega,c1986. a367 p. :bil., mapa, retrs. ;c18 cm. aInventariado, 2019/MFF 4aMasacreszRepública Dominicana, Palma Sola (San Juan)953410 4aCultozRepública Dominicana, Palma Sola (San Juan)953997 4aRepública DominicanaxPolítica y gobiernoy1961-9204 0aPalma Sola (San Juan, República Dominicana) xHistoria953411 aValidado. Control de calidad MFF 2ddccLBS1 00102ddc56708DSaBNPHUbBNPHUcHDd2011-08-04l0oBNPHU DS 972.9342 G216mp26886-30r2020-06-25te.3w2020-06-25yLBS1ZPréstamo en sala 00102ddc51708PDaBNPHUbBNPHUcHDd2011-03-28eDonaciónl0oBNPHU PD 972.9342 G216mp26886-10r2020-06-25w2020-06-25yLBS1zPerteneció a la biblioteca personal de Juan Isidro Jimenes Grullón.ZNo se presta 00102ddc51708PDaBNPHUbBNPHUcHDd2011-03-29l0oBNPHU PD 972.9342 G216mp26886-20r2020-06-25te.2w2020-06-25yLBS1ZNo se presta 00102ddc56708DSaBNPHUbBNPHUcHDd2023-02-13l0oBNPHU DS 972.9342 G216mp2023-0870r2023-02-13te.4w2023-02-13yLBS1 00102ddc56708DSaBNPHUbBNPHUcHDd2024-06-05eDonaciónl0oBNPHU DS 972.9342 G216mp2024-3247r2024-06-05te.5w2024-06-05yLBS1zPerteneció a la biblioteca personal de Emilio Cordero Michel. c26378d26378